00748 2200193 4500001002100000005001500021035002000036008004100056245028200097100001900379260004000398300002500438020002200463084001400485082000800499650002300507990001200530990001200542INLIS00000000001043020220208023857 a0010-0222000233220208 g 0 ind 1 aPengadaan Barang/Jasa Dan Dana Desa :bPeraturan Presiden Nomor 16 tahun 2018 Tentang Pengadaan Barang/Jasa Pemerintahan dan Peraturan Lembaga Kebijakan Pengadaan Barang/Jasa Pemerintah Nomor 8 Tahun 2018 Tentang Pedoman Swakelola /cFirman Sujadi;editor,Abu Al-Fatih,A.Saibani0 aFIRMAN, Sujadi aJakarta :bBee Media Pustaka,c2018 aiv,98 hlm. ;c25 cm. a978-602-6587-64-0 a340 FIR p a340 4aPERUNDANG-UNDANGAN a17188 a a17188 b